Profeta de una nueva civilización. Pensamiento y obra del P. Tomas Morales, SJ

Gespeichert in:
Bibliographische Detailangaben
1. Verfasser: Hoyo, Javier del (VerfasserIn)
Format: Buch
Sprache:Spanisch
Veröffentlicht: Madrid Encuentro 1997
Schlagworte:
Tags: Tag hinzufügen
Keine Tags, Fügen Sie den ersten Tag hinzu!

MARC

LEADER 00000nam a2200000 a 4500
001 UCI4302
003 CL-VaPUC
008 080111e19970000SP |||||||||||||||||spa|d
020 |a 8474904137 
082 0 4 |a 922.2  |b HOY  |2 21 
100 |a Hoyo, Javier del  |e author  |9 576316 
245 1 0 |a Profeta de una nueva civilización. Pensamiento y obra del P. Tomas Morales, SJ 
300 |a 167 p 
942 |c BK 
945 |d 20080111 00:00:00  |a rbrito 
260 |a Madrid  |b Encuentro  |c 1997 
500 |a Donación Padres Capuchinos 
600 0 7 |a MORALES, TOMAS  |2 CL-VaPUC  |9 526119 
650 0 |a Biografías  |9 255210 
650 0 |a Vida religiosa  |9 257284 
583 |a last modification  |c 20080111 00:00:00  |k Rodrigo Vera 
999 |c 328258  |d 328256 
952 |0 0  |1 0  |4 0  |6 922_200000000000000_HOY_1997  |7 0  |8 X  |9 412064  |a FDOBUD  |b FDOBUD  |d 2019-11-22  |i 4400755  |o 922.2 HOY 1997  |p 4400755  |r 2019-11-22  |w 2019-11-22  |y BK_X  |k BUD